00790 2200289 4500001002100000005001500021035002000036007000300056040001700059100002400076245006900100300003300169020002200202041000800224082000800232084001200240090001900252264004100271336002100312337003000333338002300363650001700386850001000403008004100413990002300454990002300477INLIS00000000000666420260411100106 a0010-0522000111ta aSBPUPADbind0 aSukarmanePengarang1 aEnsiklopedia, Sahabtku :bEnsiklopedia IPA untuk SMP /cSukarman aii,117 hlm. :bilus. ;c21cm a978-979-3644-26-4 aind a520 aR SUK e aR SUK e L11-R5 a.--Jakarta Selatan :bRicardo,c2008 2rdacontentaTeks 2rdamediaaTanpa Perantara 2rdacarrieravolume 4aEnsiklopedia aPUPAD260411 0  a8784/H/KAPD-PDG/09 a8773/H/KAPD-PDG/09